Do You Feel Lucky? Quiz Stats

Quiz Updated Sep 13, 2013

Challenge
Share
Tweet
Score 0/16 Timer 04:00
1 Play Today
% Correct
Rainbow
98.8%
Four Leaf Clover
98.8%
Horseshoe
98%
Ladybug
97.3%
Penny
97%
Number 7
95.5%
Crossed Fingers
95.2%
Wishbone
94.9%
% Correct
Acorn
94%
Nautical Star
93.5%
Dice
92%
Rabbit's Foot
90.5%
Dragonfly
87.4%
Dreamcatcher
85.9%
Underwear
84.1%
Cricket
78.1%

You're not logged in!

Compare scores with friends on all Sporcle quizzes.
Sign Up with Email
OR
Log In

You Might Also Like...

Show Comments

Extras

Top Quizzes Today


Score Distribution

Your Account Isn't Verified!

In order to create a playlist on Sporcle, you need to verify the email address you used during registration. Go to your Sporcle Settings to finish the process.